00442nam a2200181Ia 4500003000400000005001700004008004100021020002200062040000700084041000800091082001500099100001900114245003700133260003200170300001800202365001700220650002300237OSt20230530102440.0210423s2012 xx 000 0 und d a978-1-4398-4097-9 cAL aeng a541.3 SHIE aSHILLADY (Don) aEssentials of physical chemistry aBoca RatonbCRC Pressc2012 axxxvi,476bHB b2873.43cGBP aPhysical Chemistry